000 00589nam a2200229Ia 4500
003 OSt
005 20220918174058.0
006 a|||||r|||| 00| 0
007 ta
008 220917b |||||||| |||| 00| 0 eng d
024 _a10,349
037 _cTextual
040 _aARTS
_cARTS
_beng
041 _2eng
_aeng
082 _aR1, M6
100 _aGuttenplan Samuel
_923082
245 0 _aLanguage of logic
_b an introduction
260 _aOxford
_bBasil Blackwell
_c1986
650 _aLOGIC
942 _hR1, M6
_cTEXL
_2CC
999 _c151723
_d151723